00606nam a22001931a 450000500170000000800410001702000090005804000260006705000200009308200200011310000330013324500330016626000370019930000190023650000970025560000290035260000280038185200030040920110718133351.0091005s1997 001 0 eng d c0.00 aNEGST Library - Kenya 4aBS 325.K37 19970 aBS 325.K37 19971 aInternational Bible Society.10aWe tono (Nouveau Testament). bSociete Biblique Interna,c1997. a540 p. : maps. a"Le Nouveau Testament en Kasim du Burkina Faso." - T.p. verso. Maps on end pages. [Africana]10aBible. N.T. Kasim. 1997.10aKasim language - Texts.